[Event "FIDE Grand Prix-II Pool-D 2022"]
[Site "Belgrade"]
[Date "2022.03.06"]
[Round "5.8"]
[White "Vachier-Lagrave, Maxime"]
[Black "Yu, Yangyi"]
[Result "1/2-1/2"]
[WhiteElo "2761"]
[BlackElo "2713"]
[Annotator "TA"]
[PlyCount "112"]
[EventDate "2022.03.01"]
[EventType "tourn"]
[EventCountry "SRB"]
[SourceTitle "playchess.com"]
[Source "ChessBase"]
[SourceQuality "1"]

{[%evp 15,112,0,-3,0,11,11,27,0,0,0,0,0,14,12,13,18,28,25,40,38,35,35,36,28,31,27,74,75,84,69,72,66,66,66,66,66,66,66,66,66,66,56,66,66,73,73,66,66,66,65,66,66,66,66,66,66,85,85,88,85,85,85,85,85,85,77,85,85,85,85,85,85,118,85,85,85,118,118,118,118,118,118,118,0,118,118,118,118,118,118,118,60,61,8,39,39,47,8,54]} 1. e4 e5 2. Nf3 Nf6 3. d4 Nxe4 4. Bd3 Nc6 5. O-O d5 6. dxe5 Bg4 7. Nc3 Nxc3 8. bxc3 Bc5 9. Re1 {C43: Petroff Defence: 3 d4.} O-O 10. h3 Bh5 11. Rb1 {White has an edge.} f6 12. e6 Qd6 {[#]} 13. Rxb7 $146 ({Predecessor:} 13. Be3 Bxe3 14. Rxe3 Bxf3 15. Qxf3 Ne5 16. Qh5 g6 17. Qe2 Rae8 18. f4 Nxd3 19. cxd3 Qxf4 20. Rxb7 {½-½ (33) Buessing,O (2470)-Aleksandrov,V (2490) ICCF email 2007}) 13... Ne5 14. Be2 Qxe6 15. Rb5 (15. Rxc7 Bxf2+ $1 16. Kxf2 Qb6+ 17. Nd4 Bxe2 18. Rxg7+ Kxg7 $15) 15... Qd6 16. Nxe5 $1 Bxe2 17. Qxe2 fxe5 18. Be3 Bb6 19. Bxb6 axb6 20. c4 c6 (20... Rxa2 $11 21. Rxd5 Qg6) 21. Rxb6 $16 Qc5 22. Rb7 e4 23. cxd5 cxd5 24. c4 (24. Qg4 Qxf2+ 25. Kh2 Qf4+ 26. Qxf4 Rxf4 $11) 24... dxc4 25. Qc2 ({Don't play} 25. Qg4 Qxf2+ 26. Kh2 Qf4+ 27. Qxf4 Rxf4 $15) 25... Rae8 26. Re3 Qd4 27. Rb4 Rc8 28. a4 {[%cal Ba2a4,Ba4a5,Ba5a6][%mdl 32]} Rfd8 {aiming for ...Qd1+.} 29. Rb1 {Prevents Qd1+.} ({But not} 29. Qxe4 $2 Qxe4 30. Rxe4 c3 $19) 29... c3 30. Rc1 ({Not} 30. Qxe4 $2 Qxe4 31. Rxe4 c2 $19) 30... Rc4 31. a5 {[%cal Re3c3]} Rdc8 32. Rd1 $1 Qc5 33. Rxe4 Rxe4 34. Qxe4 $14 {[%mdl 4096] Endgame KQR-KQR} c2 35. Rc1 h6 36. a6 {[%cal Oa6a7] a7! is the strong threat.} Rc7 37. g3 Qc6 38. Qd3 Qc4 39. Qd2 Kh7 40. Kh2 (40. h4 {with more complications.} h5 41. Kh2 Qe4 42. a7 Rxa7 43. Rxc2 Ra1 44. Rc1) 40... Qxa6 41. Rxc2 Rxc2 42. Qxc2+ $16 {KQ-KQ} Kh8 43. h4 Qf1 44. Qc8+ Kh7 45. Qf5+ Kg8 46. g4 Qc4 47. Kg3 Qc3+ 48. Kg2 Qc4 49. Kg3 Qc3+ {[#]} 50. Qf3 $1 Qc7+ 51. Qf4 Qc3+ 52. Qe3 Qc7+ 53. f4 ({White should play} 53. Kh3 $16) 53... Qf7 54. f5 (54. Kf2 $14) 54... Qc7+ 55. Kh3 Qd7 56. Qf3 Qd2 {Weighted Error Value: White=0.08 (flawless) /Black=0.05 (flawless)} (56... h5 $11) 1/2-1/2

[Event "FIDE Grand Prix-II Pool-D 2022"]
[Site "Belgrade"]
[Date "2022.03.07"]
[Round "6.7"]
[White "Mamedyarov, Shakhriyar"]
[Black "Vachier-Lagrave, Maxime"]
[Result "1/2-1/2"]
[WhiteElo "2767"]
[BlackElo "2761"]
[Annotator "TA"]
[PlyCount "69"]
[EventDate "2022.03.01"]
[EventType "tourn"]
[EventCountry "SRB"]
[SourceTitle "playchess.com"]
[Source "ChessBase"]
[SourceQuality "1"]

{[%evp 17,69,0,0,-6,-10,-8,0,0,0,0,0,0,31,10,42,39,33,32,33,37,41,47,36,14,14,10,16,4,75,71,64,5,2,0,0,0,0,0,0,0,0,0,0,0,0,0,0,0,0,0,0,0,0,0]} 1. d4 Nf6 2. c4 e6 3. Nc3 d5 4. cxd5 exd5 5. Bg5 c6 6. e3 Be7 7. Qc2 Nbd7 8. Bd3 h6 {8...Nh5 gains popularity.} 9. Bf4 Nh5 10. Nf3 {D36: Queen's Gambit Declined: Exchange Variation: Main line (5 Bg5 c6 6 Qc2).} Nxf4 11. exf4 Bd6 {[#]} 12. g3 $146 ({Predecessor:} 12. Ne5 Qb6 13. Rd1 Qxd4 14. Nxf7 {1-0 (14) Vaznonis,V (2378)-Stauskas,L (2321) Lithuania 2018}) 12... O-O 13. O-O-O {Active counter play!} b5 14. Ne5 Qc7 15. Kb1 Nb6 16. Rhg1 b4 17. Na4 Nxa4 18. Qxa4 c5 19. dxc5 Qxc5 20. Nd7 Bxd7 21. Qxd7 Rfd8 22. Qf5 {aiming for Qh7+.} g6 {[#]} 23. Qg4 b3 24. a3 (24. axb3 $14 h5 25. Qf3) 24... Be7 $1 $132 {[%mdl 2048] Black is not keeping still. The position is equal.} ({But not} 24... Qxf2 25. Rgf1 (25. Bxg6 fxg6 26. Qxg6+ Kh8 $11) 25... h5 {[#]} 26. Qxg6+ $1 fxg6 27. Rxf2 $16) 25. f5 g5 ({Resist} 25... Qxf2 26. Rgf1 (26. fxg6 f5 $16) 26... h5 27. Rxf2 $16) 26. f4 {And now fxg5 would win.} Bf6 27. fxg5 hxg5 28. Rg2 Rac8 29. h4 Qe3 30. Re2 Rc1+ $1 31. Rxc1 {Really sharp!} Qxd3+ 32. Ka1 Qa6 33. Kb1 Qd3+ 34. Ka1 Qa6 {( -> ...Qxa3+)} 35. Kb1 {Weighted Error Value: White=0.07 (flawless) /Black=0.01 (flawless)} 1/2-1/2

[Event "FIDE Grand Prix-II Pool-D 2022"]
[Site "Belgrade"]
[Date "2022.03.07"]
[Round "6.8"]
[White "Yu, Yangyi"]
[Black "Predke, Alexandr"]
[Result "0-1"]
[WhiteElo "2713"]
[BlackElo "2682"]
[Annotator "TA"]
[PlyCount "166"]
[EventDate "2022.03.01"]
[EventType "tourn"]
[EventCountry "SRB"]
[SourceTitle "playchess.com"]
[Source "ChessBase"]
[SourceQuality "1"]

{[%evp 28,166,-6,-1,0,2,8,3,22,11,17,12,54,25,18,25,24,18,25,24,21,15,25,28,23,8,18,15,46,41,37,40,32,0,8,-14,0,-45,-17,-10,-22,-25,-39,-28,-39,-35,-31,-33,-27,-56,-69,-61,-58,-60,-81,-184,-183,-213,-202,-202,-188,-204,-160,-174,-172,-250,-225,-202,-232,-206,-201,-210,-188,-506,-477,-488,-478,-523,-516,-506,-321,-254,0,-240,-150,-184,-88,-797,-840,-816,-815,-699,-602,-852,-694,-893,-831,-796,-697,-986,-965,-1123,-1073,-1261,-1251,-984,-1266,-1219,-1245,-1231,-1228,-4402,-4110,-2576,-2117,-29977,-29978,-29978,-29979,-29979,-29980,-29978,-29976,-29983,-29982,-29982,-29977,-29977,-29978,-29976,-29976,-29968,-29971,-29968,-12845,-29993,-29987,-29995,-29995,-29995,-29996]} 1. e4 e5 2. Nf3 Nc6 3. Bb5 {[%cal Bf1b5,Bb5a4,Ba4b3][%mdl 32]} a6 4. Ba4 Nf6 5. O-O Be7 6. Re1 b5 7. Bb3 d6 8. c3 O-O 9. h3 Re8 10. d4 Bb7 11. Nbd2 Bf8 12. Bc2 Nb8 13. b3 Nbd7 14. d5 c6 15. c4 Nb6 $5 {[%mdl 4] [#] Exploring less charted territory. C95: Closed Ruy Lopez: Breyer Variation with 10 d4.} 16. Rb1 $146 ({Predecessor:} 16. Bd3 Nfd7 17. Ba3 cxd5 18. cxd5 f5 19. exf5 Nxd5 20. Ne4 N7f6 21. Nfg5 Nf4 22. Bc1 Nxd3 23. Qxd3 Nxe4 24. Nxe4 {0-1 (37) Leko,P (2713)-Kramnik,V (2809) Monte Carlo 2002}) 16... Qc7 17. Bd3 Nfd7 {The position is equal.} 18. Ba3 Nc5 19. Bf1 Qd7 (19... Qe7 $11) 20. Rc1 Rac8 21. Bxc5 dxc5 22. a4 b4 23. a5 Na8 {[%cal Bb6a8,Ba8c7,Bc7b5,Bb5d6][%mdl 32]} 24. h4 Nc7 25. g3 Rcd8 26. Bg2 (26. Ng5 {seems wilder.} g6 27. Qc2 Qd6 28. Bh3 Bh6 29. Rcd1) 26... Bc8 27. Nf1 cxd5 28. cxd5 Nb5 29. Ne3 Qc7 30. Ra1 g6 31. Qd3 f5 32. h5 (32. exf5 $2 e4 33. Qc4 Nd6 $19) (32. Rac1 $11 {deserves consideration.}) 32... fxe4 (32... Nc3 $5 {[%cal Rf5e4]} 33. hxg6 (33. exf5 $2 e4 $19) 33... hxg6 $11) 33. Qxe4 Nd6 34. Qh4 {Black must now prevent hxg6.} Be7 {[%cal Bf8e7,Be7f6,Bf6c3][%mdl 32]} 35. Qh1 e4 36. Nd2 Bf6 37. Rad1 {[%cal Rd2e4]} Bc3 38. Re2 {[%cal Rd2e4]} Re5 39. hxg6 hxg6 40. Qh6 (40. Nxe4 $2 Rh5 41. Bh3 Rxh3 $19) 40... Qg7 $36 {[%mdl 2048] Black has strong initiative.} 41. Qh4 (41. Qxg7+ $17 Kxg7 42. Rc1) 41... Rf8 $1 $19 {Active counter play!} (41... g5 42. Qh5 $11) 42. Ndc4 {[#]} (42. Nxe4 $2 Nxe4 43. d6 (43. Bxe4 $2 Rh5 $19) 43... g5 $1 $19) 42... Rh5 $1 43. Nxd6 Rxh4 {The board is on fire.} 44. gxh4 Bd7 45. Nxe4 Bd4 {A strong pair of Bishops.} 46. d6 (46. Ng5 $142) 46... Qh8 47. Nc2 Bg4 ({Worse is} 47... Qxh4 48. Nxd4 cxd4 49. Rxd4 $15) 48. Nxd4 cxd4 49. f3 {[#]} Bf5 ({But not} 49... Bxf3 50. Bxf3 Rxf3 51. d7 Qxh4 52. Rxd4 $16) 50. Red2 $2 (50. Ng3) 50... Bxe4 51. fxe4 Qxh4 52. d7 Kg7 53. Rf1 Rxf1+ ({Wrong is} 53... Rh8 $2 54. Rxd4 Qh2+ 55. Kf2 $17) 54. Kxf1 {[%mdl 4096] Endgame KQ-KRB} Qf4+ $2 ({Better is} 54... Kf7 $19 {And now ...Ke7 would win.} 55. Rd3 Ke6 56. Bh3+ Ke7) 55. Ke1 $2 (55. Kg1 $1 $11 {and White stays safe.} Qd6 56. Bh3) 55... Qd6 56. Bh3 d3 {To avoid Rc2} (56... Qg3+ $19 57. Rf2 Qe3+ 58. Kd1 Qxb3+ 59. Kc1 Qa3+ 60. Kb1 Qd3+ 61. Kc1 Qe3+ 62. Kd1 Qd3+ 63. Kc1 Qe3+ 64. Kd1 Qd3+ 65. Kc1) 57. Bf1 $2 {[%mdl 8192] This costs White the game.} (57. Rf2 $17) 57... Qg3+ 58. Kd1 Qf3+ 59. Ke1 Qxe4+ 60. Kf2 Qf4+ 61. Kg1 Qd4+ 62. Kg2 Qd5+ 63. Kg1 Qxd7 64. Rxd3 Qf5 65. Rg3 Qxa5 66. Bd3 g5 {[%cal Bg6g5,Bg5g4][%mdl 32]} 67. Kf2 Qc5+ 68. Ke2 a5 69. Rf3 Qe5+ 70. Kf2 Qd4+ 71. Kf1 g4 72. Rg3 Qf4+ 73. Kg2 Qd2+ 74. Kg1 Kf6 75. Bf1 Qd4+ 76. Kg2 Qe4+ 77. Kf2 Qf4+ 78. Kg2 Kg5 79. Be2 Kh4 80. Rd3 Qe5 81. Bf1 g3 {Black mates.} 82. Kg1 Qc5+ 83. Kh1 Qf2 {Weighted Error Value: White=0.48/Black=0.19 (very precise)} 0-1